Central Library and Information Centre
Sibsagar Girls' College, Sivasagar : Assam

INDUSTRIAL LOCATION (Record no. 5349)

MARC details
000 -LEADER
fixed length control field 00398cam a2200169ua 4500
008 - FIXED-LENGTH DATA ELEMENTS--GENERAL INFORMATION
fixed length control field 191011n1991 II |||gr||||Z||||||eng
040 ## - CATALOGING SOURCE
Original cataloging agency MAIN
041 ## - LANGUAGE CODE
-- English
082 ## - DEWEY DECIMAL CLASSIFICATION NUMBER
Classification number 711.552 4 KEI
100 ## - MAIN ENTRY--PERSONAL NAME
Personal name KEITH, CHAPMAN.
245 ## - TITLE STATEMENT
Title INDUSTRIAL LOCATION
260 ## - PUBLICATION, DISTRIBUTION, ETC.
Place of publication, distribution, etc. NEW DELHI
Name of publisher, distributor, etc. WILLEY EASTERN LTD.
Date of publication, distribution, etc. 1991
300 ## - PHYSICAL DESCRIPTION
Extent 322:
Dimensions 22cm.
700 ## - ADDED ENTRY--PERSONAL NAME
Personal name DAVID, F. WALKER.
942 ## - ADDED ENTRY ELEMENTS (KOHA)
Koha item type Books
Holdings
Withdrawn status Lost status Damaged status Not for loan Collection code Home library Current library Shelving location Date acquired Full call number Barcode Date last seen Copy number Price effective from Koha item type
        General Reference Central Library and Information Centre Sibsagar Girls College Central Library and Information Centre Sibsagar Girls College Sports Journalism Library sc 19.06.1995 711.552 4 KEI 13457 27.02.2020 1 27.02.2020 Books


Sibsagar Girl's College © 2020. All rights reserved.
Powered by Koha.
Maintained by Abhijit Borpuzari.